[Event "Novorossiysk Small Land op"]
[Site "Novorossiysk"]
[Date "2023.07.19"]
[Round "3"]
[White "Volkov, Maksim"]
[Black "Shadrin, Mikhail"]
[Result "1-0"]
[WhiteElo "2235"]
[BlackElo "1997"]
[PlyCount "65"]
[EventDate "2023.07.17"]
[EventType "swiss"]
[EventRounds "9"]
[EventCountry "RUS"]
[SourceTitle "CBM 215 Extra"]
[Source "ChessBase"]
[SourceDate "2023.09.30"]
[SourceVersion "1"]
[SourceVersionDate "2023.09.30"]
[SourceQuality "1"]

1. Nf3 d5 2. e3 Nf6 3. c4 dxc4 4. Bxc4 e6 5. d4 c5 6. 0-0 a6 7. Nbd2 Nc6 8. dxc5 Bxc5 9. a3 b5 10. Be2 Bb7 11. b4 Be7 12. Bb2 0-0 13. Rc1 Qb6 14. Nd4 Ne5 15. N4b3 Nc6 16. Nc5 Bxc5 17. bxc5 Qd8 18. Bf3 Nd5 19. Ne4 Na5 20. Nd6 Bc6 21. Qc2 Qg5 22. Kh1 Nb7 23. Rfd1 Nxd6 24. cxd6 Rac8 25. Qc5 Qh4 26. Kg1 Qd8 27. Qd4 Qg5 28. Rc5 Bb7 29. e4 e5 30. Rxd5 Bxd5 31. Qxd5 Rc2 32. d7 Rd8 33. Qxe5 1-0

[Event "RUS-chT Rapid"]
[Site "Sochi"]
[Date "2021.10.15"]
[Round "4.4"]
[White "Shadrin, Mikhail"]
[Black "Utnasunov, Alexander"]
[Result "1/2-1/2"]
[WhiteElo "1885"]
[BlackElo "2421"]
[PlyCount "108"]
[EventDate "2021.10.15"]
[EventType "team-swiss (rapid)"]
[EventRounds "9"]
[EventCountry "RUS"]
[SourceTitle "CBM 204 Extra"]
[Source "ChessBase"]
[SourceDate "2021.11.30"]
[SourceVersion "1"]
[SourceVersionDate "2021.11.30"]
[SourceQuality "1"]
[WhiteTeam "Krasnodarsk Region"]
[BlackTeam "Kalmykiya Uralan"]
[WhiteTeamCountry "RUS"]
[BlackTeamCountry "RUS"]

1. e4 c5 2. Nf3 d6 3. Bb5+ Bd7 4. Bxd7+ Nxd7 5. c3 Ngf6 6. Qe2 e6 7. 0-0 Be7 8. d4 cxd4 9. cxd4 d5 10. Nc3 dxe4 11. Nxe4 0-0 12. Nxf6+ Nxf6 13. Bg5 h6 14. Bxf6 Bxf6 15. Qb5 Qb6 16. Qxb6 axb6 17. a3 Rfd8 18. Rfd1 Ra4 19. Rac1 Rd7 20. g3 g5 21. h3 Kg7 22. Kf1 Ra5 23. Ke2 Rad5 24. Rd2 b5 25. Ke3 Kg6 26. b4 Bg7 27. Rc5 f5 28. Rxd5 Rxd5 29. Rc2 h5 30. Rc5 Rxc5 31. bxc5 g4 32. hxg4 fxg4 33. Nh4+ Kf6 34. Ke4 Bh6 35. Ng2 Bc1 36. Nf4 Bxa3 37. Nxh5+ Ke7 38. Nf4 b4 39. Kd3 Bc1 40. Ne2 Bg5 41. Ng1 Kf6 42. f4 Bh6 43. Ne2 Kf5 44. Nc1 Bxf4 45. gxf4 Kxf4 46. Ne2+ Kf3 47. d5 exd5 48. Nd4+ Kf2 49. Kc2 g3 50. Ne6 g2 51. Nf4 Ke3 52. Nxg2+ Kd4 53. Kb3 Kxc5 54. Nf4 d4 1/2-1/2